| 000 | 01046nam a22002777a 4500 | ||
|---|---|---|---|
| 003 | DO-SdBNP | ||
| 005 | 20260529095233.0 | ||
| 008 | 110301s2021 dr 000 0 spa d | ||
| 020 | _a9798497549713 | ||
| 040 |
_aDO-SdBNP _bspa _cBNPHU |
||
| 082 | 4 |
_aRD861.44 _bB268b _222 |
|
| 100 | 1 |
_aBarranco Ventura, Jimmy _953018 _d1951- |
|
| 245 | 1 | 0 |
_aBrisas de otoño : _bsonetos clásicos melódicos con estrambote / _cJimmy Barranco Ventura ; editor Ramón Saba |
| 260 |
_aSanto Domingo : _bSoto Castillo, _c2021. |
||
| 300 |
_a136 p. : _c23 cm. |
||
| 500 | _aIncluye datos biográficos del autor en la solapa de la cubierta | ||
| 590 | _aInventariado, 2022/ YL | ||
| 590 | _aLa biblioteca posee dos (2) ejemplares autografiados por el autor. | ||
| 650 | 7 |
_aPoesía dominicana _2LEMB |
|
| 650 | 7 |
_aPoesía lírica _2LIBRUNAM _93066 |
|
| 650 | 7 |
_aSonetos dominicanos _2LEMB _910208 |
|
| 650 | 7 |
_aLiteratura dominicana _2LEMB |
|
| 700 | 1 | 2 |
_aSaba, Ramón _eeditor _971165 |
| 910 | _aYLockward/Validado. Control de calidad MFF | ||
| 942 |
_2ddc _cLBS1 |
||
| 999 |
_c51614 _d51614 |
||